Carbon budgets (Record no. 112857)

MARC details
000 -LEADER
fixed length control field 01475cad a22002655a 4500
001 - CONTROL NUMBER
control field L154134
008 - FIXED-LENGTH DATA ELEMENTS--GENERAL INFORMATION
fixed length control field 111018e20111103xxk f f000 0 eng d
020 ## - INTERNATIONAL STANDARD BOOK NUMBER
International Standard Book Number 9780215561626
035 ## - SYSTEM CONTROL NUMBER
System control number (Sirsi) u154134
041 0# - LANGUAGE CODE
Language code of text/sound track or separate title eng
110 2# - MAIN ENTRY--CORPORATE NAME
Corporate name or jurisdiction name as entry element United Kingdom
Subordinate unit Parliament
-- House of Commons
-- Environmental Audit Committee
9 (RLIN) 5638
245 00 - TITLE STATEMENT
Title Carbon budgets
Remainder of title seventh report of session 2010-12
Medium [electronic resource]
260 ## - PUBLICATION, DISTRIBUTION, ETC.
Place of publication, distribution, etc. London
Name of publisher, distributor, etc. House of Commons
Date of publication, distribution, etc. 2011
490 #0 - SERIES STATEMENT
Series statement House of Commons Paper
Volume/sequential designation HC 1080, 2010-2012
505 2# - FORMATTED CONTENTS NOTE
Formatted contents note Summary -- Introduction -- the Government's ambition -- proposed review of the fourth carbon budget -- the Carbon Plan -- Carbon leakage -- Conclusions and recommendations
520 ## - SUMMARY, ETC.
Summary, etc. This inquiry explored the Government's decision on the level of the fourth carbon budget and its response to the recommendations made by the Committee on Climate Change, and examined the Government's 'Carbon Plan' to meet the carbon budgets.
521 ## - TARGET AUDIENCE NOTE
Target audience note Advanced
590 ## - LOCAL NOTE (RLIN)
Local note KA NTK
651 #4 - SUBJECT ADDED ENTRY--GEOGRAPHIC NAME
Geographic name United Kingdom
Chronological subdivision
690 ## - LOCAL SUBJECT ADDED ENTRY--TOPICAL TERM (OCLC, RLIN)
Topical term or geographic name as entry element BUILT ENVIRONMENT-SUSTAINABLE CONSTRUCTION
690 ## - LOCAL SUBJECT ADDED ENTRY--TOPICAL TERM (OCLC, RLIN)
Topical term or geographic name as entry element ENVIRONMENTAL AND LAND CONSULTANCY-SUSTAINABILITY-SUSTAINABLE DEVELOPMENT
690 ## - LOCAL SUBJECT ADDED ENTRY--TOPICAL TERM (OCLC, RLIN)
Topical term or geographic name as entry element ENVIRONMENTAL AND LAND CONSULTANCY-ENERGY-RENEWABLE ENERGY
856 40 - ELECTRONIC LOCATION AND ACCESS
Uniform Resource Identifier <a href="https://www.constructionproducts.org.uk/newsdesk/dbfiles/EAC%20Report%20on%20Carbon%20Budgets%20Oct%202011.pdf">https://www.constructionproducts.org.uk/newsdesk/dbfiles/EAC%20Report%20on%20Carbon%20Budgets%20Oct%202011.pdf</a>
Public note View the item free of charge online at www.constructionproducts.org.uk
942 ## - ADDED ENTRY ELEMENTS (KOHA)
Suppress in OPAC 0
Holdings
Withdrawn status Lost status Source of classification or shelving scheme Damaged status Not for loan Home library Current library Shelving location Date acquired Total Checkouts Full call number Barcode Date last seen Copy number Price effective from Koha item type
    Dewey Decimal Classification     Virtual Virtual Online 18/10/2011   ONLINE PUBLICATION 154134-2001 06/08/2019 1 06/08/2019 Book